| 000 | 01049nam a2200301 i 4500 | ||
|---|---|---|---|
| 001 | bg | ||
| 003 | BPK | ||
| 005 | 20210120093419.0 | ||
| 008 | 970510s1993 pl f |000 0 pol | ||
| 015 | _aPB 1993/6619 | ||
| 020 | _a8320416116 | ||
| 040 |
_aWA N _cBPK |
||
| 041 | 1 |
_apol _hfre |
|
| 080 | _a004.438 | ||
| 080 | _a(07) | ||
| 100 | 1 | _aDelannoy, Claude. | |
| 245 | 1 | 0 |
_aĆwiczenia z języka C++ : _bprogramowanie obiektowe / _cClaude Delannoy ; z fr. przeł. Piotr Łakomy. |
| 246 | 1 |
_iTyt. oryg.: _aExercices en langage C++ : programmation orientée object, _f1993. |
|
| 260 |
_aWarszawa : _bWydawnictwa Naukowo-Techniczne, _c1993. |
||
| 300 |
_a176 s. ; _c24 cm. |
||
| 655 | 4 | _aPodręcznik | |
| 650 | 4 | _aProgramowanie obiektowe | |
| 650 | 4 | _aC (język programowania) | |
| 710 | 2 |
_aWydawnictwa Naukowo-Techniczne _4pbl. |
|
| 700 | 1 |
_aŁakomy, Piotr _eTłumaczenie |
|
| 942 |
_2UKD _cKS |
||
| 856 |
_uhttp://koha.tu.koszalin.pl/cgi-bin/koha/opac-detail.pl?biblionumber=5765 _yKatalog online BPK |
||
| 999 |
_c5765 _d5765 |
||